00547 2200193 4500001002100000005001500021035002000036008004100056245005800097100002000155260004400175300002500219084001800244082000800262650002100270020002200291990002000313990002000333INLIS00000000000383520250113111231 a0010-0125000126250113 0 ind 1 aEkstrinsikalitas Sastra Indonesia /cMaman S Mahayana aMahayana, Maman aJakarta :bRaja Grafindo Persada,c2007 a436 hlm. ;c20x13 cm a810 MAH E C.1 a810 4aSastra Indonesia a978-979-769-115-8 a120211200006795 a120211200006796